Loading...
Science - Biology | 2 | 5 | 0 | 0 | 80 | 56 | 76.43 | 7 | 7 |
Science - Chemistry | 0 | 7 | 0 | 3 | 70 | 70 | 113.29 | 5 | 7 |
History - Other History | 0 | 4 | 0 | 0 | 40 | 82 | 106.75 | 2 | 4 |
Science - Other Science | 0 | 4 | 0 | 2 | 40 | 104 | 109.75 | 2 | 4 |
Literature - European Literature | 0 | 3 | 0 | 0 | 30 | 130 | 134.33 | 2 | 3 |
Mythology | 0 | 3 | 0 | 0 | 30 | 90 | 108.67 | 1 | 3 |
Literature - American Literature | 0 | 3 | 0 | 0 | 30 | 107 | 116.67 | 2 | 3 |
Fine Arts - Visual Fine Arts | 0 | 3 | 1 | 0 | 25 | 129 | 138.33 | 0 | 3 |
Science - Physics | 0 | 3 | 1 | 0 | 25 | 85 | 94.33 | 1 | 3 |
History - American History | 1 | 0 | 0 | 0 | 15 | 62 | 62.00 | 1 | 1 |
History - European History | 1 | 0 | 0 | 0 | 15 | 75 | 75.00 | 1 | 1 |
Fine Arts - Auditory Fine Arts | 0 | 1 | 0 | 0 | 10 | 111 | 111.00 | 1 | 1 |
History - World History | 0 | 1 | 0 | 0 | 10 | 80 | 80.00 | 0 | 1 |
Literature - World Literature | 0 | 1 | 0 | 0 | 10 | 114 | 114.00 | 1 | 1 |
Philosophy | 0 | 1 | 0 | 0 | 10 | 123 | 123.00 | 0 | 1 |
Religion | 0 | 1 | 0 | 0 | 10 | 111 | 111.00 | 0 | 1 |
Literature - British Literature | 0 | 1 | 1 | 0 | 5 | 108 | 108.00 | 1 | 1 |
Social Science | 0 | 0 | 2 | 0 | -10 | 0.00 | 0 | 0 |